Экономическая теория: учебник
| Autor principal: | |
|---|---|
| Sumari: | Заглавие с титульного экрана Электронная версия печатной публикации Режим доступа: из сети НТБ ТПУ |
| Idioma: | rus |
| Publicat: |
Москва, Юрайт, 2005
|
| Matèries: | |
| Accés en línia: | http://www.lib.tpu.ru/fulltext2/m/2009/consultant/borisov.pdf |
| Format: | MixedMaterials Electrònic Llibre |
| KOHA link: | https://koha.lib.tpu.ru/cgi-bin/koha/opac-detail.pl?biblionumber=122258 |
MARC
| LEADER | 00000nlm0a2200000 4500 | ||
|---|---|---|---|
| 001 | 122258 | ||
| 005 | 20231031125909.0 | ||
| 035 | |a (RuTPU)RU\TPU\book\132383 | ||
| 090 | |a 122258 | ||
| 100 | |a 20071001d2005 k y0rusy50 ca | ||
| 101 | 0 | |a rus | |
| 102 | |a RU | ||
| 105 | |a y j 001zy | ||
| 135 | |a vrcn ---uucaa | ||
| 181 | 0 | |a i | |
| 182 | 0 | |a b | |
| 200 | 1 | |a Экономическая теория |b Электронный ресурс |e учебник |f Е. Ф. Борисов | |
| 203 | |a Текст |c электронный | ||
| 210 | |a Москва |c Юрайт |d 2005 | ||
| 230 | |a 1 компьютерный файл (pdf; 1629 KB) | ||
| 300 | |a Заглавие с титульного экрана | ||
| 300 | |a Электронная версия печатной публикации | ||
| 333 | |a Режим доступа: из сети НТБ ТПУ | ||
| 337 | |a Adobe Reader | ||
| 452 | 1 | |0 (RuTPU)RU\TPU\book\75088 |y 5-94879-217-X |t Экономическая теория |o учебник |f Е. Ф. Борисов |e 3-е изд., перераб. и доп. |c М. |n Юрайт |d 2005 |p 400 с. |s Основы наук |a Борисов, Евгений Филиппович | |
| 610 | 1 | |a экономика | |
| 610 | 1 | |a экономическая теория | |
| 610 | 1 | |a хозяйственная деятельность | |
| 610 | 1 | |a теория | |
| 610 | 1 | |a методика | |
| 610 | 1 | |a собственность | |
| 610 | 1 | |a Россия | |
| 610 | 1 | |a экономические преобразования | |
| 610 | 1 | |a кооперация | |
| 610 | 1 | |a разделение | |
| 610 | 1 | |a разделение труда | |
| 610 | 1 | |a управление | |
| 610 | 1 | |a натуральное хозяйство | |
| 610 | 1 | |a стоимость | |
| 610 | 1 | |a деньги | |
| 610 | 1 | |a рынок | |
| 610 | 1 | |a конкуренция | |
| 610 | 1 | |a монополия | |
| 610 | 1 | |a микроэкономика | |
| 610 | 1 | |a капитал | |
| 610 | 1 | |a фирмы | |
| 610 | 1 | |a воспроизводство | |
| 610 | 1 | |a заработная плата | |
| 610 | 1 | |a прибыль | |
| 610 | 1 | |a доходы | |
| 610 | 1 | |a мезоэкономика | |
| 610 | 1 | |a мезоэкосистемы | |
| 610 | 1 | |a макроэкономика | |
| 610 | 1 | |a экономический рост | |
| 610 | 1 | |a национальное хозяйство | |
| 610 | 1 | |a безработица | |
| 610 | 1 | |a экономические циклы | |
| 610 | 1 | |a инфляция | |
| 610 | 1 | |a занятость | |
| 610 | 1 | |a рыночное регулирование | |
| 610 | 1 | |a государственный бюджет | |
| 610 | 1 | |a фискальная политика | |
| 610 | 1 | |a мировая экономика | |
| 610 | 1 | |a мировое хозяйство | |
| 610 | 1 | |a учебники | |
| 610 | 1 | |a электронный ресурс | |
| 686 | |a У011я73 |v LBC/SL-A |2 rubbk | ||
| 700 | 1 | |a Борисов |b Е. Ф. |g Евгений Филиппович | |
| 801 | 1 | |a RU |b 63413507 |c 20071001 |g PSBO | |
| 801 | 2 | |a RU |b 63413507 |c 20090506 |g PSBO | |
| 856 | 4 | |u http://www.lib.tpu.ru/fulltext2/m/2009/consultant/borisov.pdf | |
| 942 | |c CF | ||